000
00334nam a22001217a 4500
008
150420b xxu||||| |||| 00| 0 eng d
020
_a
9780071752916
020
_a
0071752919
041
0
_a
eng
080
_a
004.16
245
1
4
_a
The healthy PC :
_c
Guy Hart-Davis.
942
_2
udc
_c
BK
999
_c
712
_d
712